Giáo trình luật ngân hàng Việt Nam

Nội dung quyển sách bao gồm những kiến thức về hệ thống ngân hàng, tổ chức tín dụng, pháp luật ngân hàng và cập nhật các văn bản quy phạm pháp luật có liên quan.

Salvato in:
Dettagli Bibliografici
Autore principale: Võ Đình Toàn (Chủ biên)
Altri autori: Vũ Văn Cương, Nguyễn Văn Tuyên, Nguyễn Đức Ngọc
Natura: Libro
Lingua:Vietnamese
Pubblicazione: H. Công an nhân dân 2017
Soggetti:
Tags: Aggiungi Tag
Nessun Tag, puoi essere il primo ad aggiungerne! !
Thư viện lưu trữ: Thư viện Trường Đại học Nam Cần Thơ
LEADER 01895nam a22002897a 4500
001 NCT_67042
008 190820b xxu||||| |||| 00| 0 vie d
999 |c 3238  |d 3238 
020 |a 9786047223947  |c 54000 
082 0 4 |2 23rd ed.  |a 346.597082  |b T406 
100 1 |a Võ Đình Toàn  |e Chủ biên 
245 1 0 |a Giáo trình luật ngân hàng Việt Nam  |c Võ Đình Toàn (chủ biên) 
260 |a H.  |b Công an nhân dân  |c 2017 
300 |a 407 tr.  |c 21cm 
500 |a ĐTTS ghi: Trường Đại học Luật Hà Nội 
520 3 |a Nội dung quyển sách bao gồm những kiến thức về hệ thống ngân hàng, tổ chức tín dụng, pháp luật ngân hàng và cập nhật các văn bản quy phạm pháp luật có liên quan. 
653 |a Luật học 
700 1 |a Vũ Văn Cương 
700 1 |a Nguyễn Văn Tuyên 
700 1 |a Nguyễn Đức Ngọc 
942 |2 ddc  |c BK 
952 |0 0  |1 0  |2 ddc  |4 0  |6 346_597082000000000_T406  |7 0  |9 17463  |a 000001  |b 000001  |d 2019-08-20  |o 346.597082 T406  |p MD.15813  |r 2019-08-20  |v 54000.00  |w 2019-08-20  |y BK 
952 |0 0  |1 0  |2 ddc  |4 0  |6 346_597082000000000_T406  |7 0  |9 17464  |a 000001  |b 000001  |d 2019-08-20  |l 3  |m 1  |o 346.597082 T406  |p MD.15814  |r 2021-01-05  |s 2020-12-21  |v 54000.00  |w 2019-08-20  |y BK 
952 |0 0  |1 0  |2 ddc  |4 0  |6 346_597082000000000_T406  |7 0  |9 17465  |a 000001  |b 000001  |d 2019-08-20  |l 3  |m 1  |o 346.597082 T406  |p MD.15816  |r 2021-01-05  |s 2020-12-21  |v 54000.00  |w 2019-08-20  |y BK 
952 |0 0  |1 0  |2 ddc  |4 0  |6 346_597082000000000_T406  |7 0  |9 17466  |a 000001  |b 000001  |d 2019-08-20  |l 3  |m 1  |o 346.597082 T406  |p MD.15817  |r 2020-12-24  |s 2020-12-16  |v 54000.00  |w 2019-08-20  |y BK 
952 |0 0  |1 0  |2 ddc  |4 0  |6 346_597082000000000_T406  |7 0  |9 18102  |a 000001  |b 000001  |d 2019-10-11  |l 2  |o 346.597082 T406  |p MD.15815  |r 2020-12-28  |s 2020-12-21  |v 54000.00  |w 2019-10-11  |y BK 
980 |a Thư viện Trường Đại học Nam Cần Thơ